आमचे भाऊ (Record no. 230527)

MARC details
000 -LEADER
fixed length control field 00555nam a2200169Ia 4500
008 - FIXED-LENGTH DATA ELEMENTS--GENERAL INFORMATION
fixed length control field 090201s9999 xx 000 0 und d
010 ## - LIBRARY OF CONGRESS CONTROL NUMBER
LC control number KPL-11500
040 ## - CATALOGING SOURCE
Language of cataloging मराठी
041 ## - LANGUAGE CODE
Language code of text/sound track or separate title मराठी
082 ## - DEWEY DECIMAL CLASSIFICATION NUMBER
Classification number 32155
Item number 11500
100 ## - MAIN ENTRY--PERSONAL NAME
Personal name मधुकर पाटणकर
245 ## - TITLE STATEMENT
Title आमचे भाऊ
Statement of responsibility, etc मधुकर पाटणकर
260 ## - PUBLICATION, DISTRIBUTION, ETC. (IMPRINT)
Date of publication, distribution, etc 2004
Name of publisher, distributor, etc मधुकर कृष्णाजी पाटणकर प्रकाशन
300 ## - PHYSICAL DESCRIPTION
Extent 288
Other physical details मोठा
600 ## - SUBJECT ADDED ENTRY--PERSONAL NAME
Personal name आमचे भाऊ
942 ## - ADDED ENTRY ELEMENTS (KOHA)
Koha item type Book
Holdings
Withdrawn status Lost status Damaged status Not for loan Home library Current library Date acquired Cost, normal purchase price Total Checkouts Barcode Date last seen Copy number Cost, replacement price Price effective from Koha item type
        Sarvajanik Wachanalaya, Kalyan Sarvajanik Wachanalaya, Kalyan   11.00   KPL-11500 02/01/2009 1 11.00 02/01/2009 Book